[Event "Oberliga Bayern 9900"]
[Site "Bayern"]
[Date "1999.10.10"]
[Round "1.8"]
[White "Schoeller, Wolfgang"]
[Black "Engelbrecht, Alfred"]
[Result "0-1"]
[WhiteElo "2075"]
[BlackElo "2210"]
[PlyCount "100"]
[EventDate "1999.10.10"]
[EventType "team-tourn"]
[EventRounds "9"]
[EventCountry "GER"]
[SourceTitle "EXT 2020"]
[Source "ChessBase"]
[SourceDate "2019.10.17"]
[SourceVersion "1"]
[SourceVersionDate "2019.10.17"]
[SourceQuality "1"]
[WhiteTeam "Fuerth SF"]
[BlackTeam "Muenchen 36"]
[WhiteTeamCountry "GER"]
[BlackTeamCountry "GER"]

1. e4 g6 2. d4 Bg7 3. Nc3 c5 4. d5 d6 5. Be3 Nf6 6. f3 a6 7. a4 e6 8. Nge2 exd5 9. exd5 0-0 10. Qd2 Re8 11. Ng3 Nbd7 12. Be2 Nb6 13. Bg5 Nc4 14. Qc1 Qa5 15. 0-0 Nxb2 16. Bd2 Rxe2 17. Ncxe2 Qb6 18. a5 Qb5 19. Rb1 Nxd5 20. c4 Qxc4 21. Rxb2 Qxc1 22. Bxc1 Bxb2 23. Bxb2 f5 24. Nc3 Ne3 25. Re1 Nc4 26. Bc1 Kf7 27. Nd5 Ne5 28. f4 Nc6 29. Bd2 Rb8 30. Ne2 Be6 31. Nb6 Re8 32. Rc1 Bb3 33. Kf2 Re4 34. Rc3 Be6 35. Rc2 Bb3 36. Rc3 Be6 37. Rc1 h6 38. g3 h5 39. Rc2 Rxe2+ 40. Kxe2 Nd4+ 41. Kd1 Bb3 42. Nc4 Bxc2+ 43. Kc1 Ke6 44. Bc3 Bd3 45. Bxd4 Bxc4 46. Bg7 Kd7 47. Kd2 Kc6 48. Bf8 Be6 49. Kc3 d5 50. Be7 b5 0-1

[Event "Zuglo Hotel op"]
[Site "Budapest"]
[Date "1999.02.25"]
[Round "7"]
[White "Engelbrecht, Alfred"]
[Black "Schuetz, Peter"]
[Result "0-1"]
[WhiteElo "2270"]
[BlackElo "2054"]
[PlyCount "32"]
[EventDate "1999.02.??"]
[EventType "swiss"]
[EventRounds "9"]
[EventCountry "HUN"]
[SourceTitle "EXT 2000"]
[Source "ChessBase"]
[SourceDate "1999.11.16"]
[SourceVersion "1"]
[SourceVersionDate "1999.11.16"]
[SourceQuality "1"]

1. e4 e5 2. Nf3 Nc6 3. d4 exd4 4. Bc4 Bc5 5. c3 d6 6. cxd4 Bb6 7. Nc3 Bg4 8. 0-0 Nxd4 9. Bxf7+ Kxf7 10. Ng5+ Qxg5 11. Bxg5 Bxd1 12. Raxd1 Nf6 13. Bxf6 gxf6 14. Nd5 Nc6 15. Rd3 Ne5 16. Rc3 c6 0-1

[Event "Oberliga Bayern 9798"]
[Site "Bayern"]
[Date "1998.??.??"]
[Round "?.7"]
[White "Engelbrecht, Alfred"]
[Black "Urban, Michael"]
[Result "1/2-1/2"]
[WhiteElo "2215"]
[BlackElo "2155"]
[PlyCount "118"]
[EventDate "1997.10.??"]
[EventType "team-tourn"]
[EventRounds "9"]
[EventCountry "GER"]
[SourceTitle "EXT 2020"]
[Source "ChessBase"]
[SourceDate "2019.10.17"]
[SourceVersion "1"]
[SourceVersionDate "2019.10.17"]
[SourceQuality "1"]
[WhiteTeam "Tegernsee TV"]
[BlackTeam "Muenchen FC Bayern"]
[WhiteTeamCountry "GER"]
[BlackTeamCountry "GER"]

1. g3 f5 2. d4 Nf6 3. Bg2 g6 4. Nf3 Bg7 5. 0-0 0-0 6. b3 d6 7. Bb2 Qe8 8. c4 Nbd7 9. Nc3 c6 10. d5 Nc5 11. dxc6 bxc6 12. Qc2 a5 13. Nd2 Rb8 14. Rab1 Bd7 15. Ba1 Qf7 16. a3 e5 17. b4 axb4 18. axb4 Ne6 19. e3 e4 20. Na4 Ng4 21. c5 d5 22. Nb6 Bc8 23. Qa4 Bb7 24. Nb3 g5 25. Bxg7 Qxg7 26. Qa1 Ne5 27. Nd4 Nxd4 28. Qxd4 Ba6 29. Rfe1 f4 30. Ra1 Bb5 31. Ra7 Qxa7 32. Qxe5 fxe3 33. Qxg5+ Qg7 34. Qxe3 Rb7 35. f3 exf3 36. Bxf3 Rbf7 37. Bg2 Qb2 38. Nxd5 cxd5 39. Bxd5 Kh8 40. Bxf7 Rxf7 41. Qe5+ Qxe5 42. Rxe5 Rf1+ 43. Kg2 Rb1 44. Re6 Rxb4 45. Rb6 Rb2+ 46. Kg1 Rb1+ 47. Kf2 Bd3 48. Ke3 Rxb6 49. cxb6 Ba6 50. Kf4 Kg7 51. Ke5 Kg6 52. h3 Bb7 53. Ke6 Bg2 54. Ke5 Kg5 55. g4 Bf3 56. Ke6 Kg6 57. Ke5 Kg5 58. Ke6 Bb7 59. Kf7 h5 1/2-1/2

[Event "Oberliga Bayern 9798"]
[Site "Bayern"]
[Date "1998.??.??"]
[Round "?.7"]
[White "Tiller, Jaroslav"]
[Black "Engelbrecht, Alfred"]
[Result "1/2-1/2"]
[WhiteElo "2130"]
[BlackElo "2215"]
[PlyCount "111"]
[EventDate "1997.10.??"]
[EventType "team-tourn"]
[EventRounds "9"]
[EventCountry "GER"]
[SourceTitle "EXT 2020"]
[Source "ChessBase"]
[SourceDate "2019.10.17"]
[SourceVersion "1"]
[SourceVersionDate "2019.10.17"]
[SourceQuality "1"]
[WhiteTeam "Bindlach"]
[BlackTeam "Tegernsee TV"]
[WhiteTeamCountry "GER"]
[BlackTeamCountry "GER"]

1. d4 g6 2. Nf3 Bg7 3. e4 d6 4. c4 Nf6 5. Nc3 0-0 6. h3 e5 7. d5 Nbd7 8. Be3 Nc5 9. Qc2 a5 10. 0-0-0 Nh5 11. Nd2 f5 12. exf5 gxf5 13. Be2 Nf4 14. Bxf4 exf4 15. Nf3 Ne4 16. Bd3 Nxc3 17. bxc3 c5 18. Rhe1 Qf6 19. Kd2 a4 20. a3 Ra6 21. Rb1 Qg6 22. Bf1 Bf6 23. Rb5 Kh8 24. Rbb1 Rg8 25. Rb2 Qf7 26. Qd3 Qc7 27. Kc2 Rb6 28. Rxb6 Qxb6 29. Rb1 Qa5 30. Re1 Bd7 31. Kd2 b5 32. Rb1 Re8 33. cxb5 c4 34. Qc2 Bxb5 35. Rb4 Bd7 36. Bxc4 Qc5 37. Kc1 Re4 38. Bd3 Rxb4 39. cxb4 Qxd5 40. Qc4 Qb7 41. Qf7 Qc8+ 42. Bc4 Bg7 43. Kd1 Qe8 44. Qd5 Bc6 45. Qxf5 Be4 46. Qxf4 d5 47. Be2 Qc8 48. Qc1 Qf5 49. Qc5 h6 50. b5 Bxf3 51. Bxf3 Qd3+ 52. Kc1 h5 53. Qxd5 Bh6+ 54. Kb2 Bg7+ 55. Kc1 Bh6+ 56. Kb2 1/2-1/2

[Event "Oberliga Bayern 9798"]
[Site "Bayern"]
[Date "1997.??.??"]
[Round "?.8"]
[White "Engelbrecht, Alfred"]
[Black "Daeubler, Heinrich"]
[Result "1-0"]
[WhiteElo "2215"]
[BlackElo "2195"]
[PlyCount "29"]
[EventDate "1997.10.??"]
[EventType "team-tourn"]
[EventRounds "9"]
[EventCountry "GER"]
[SourceTitle "EXT 2020"]
[Source "ChessBase"]
[SourceDate "2019.10.17"]
[SourceVersion "1"]
[SourceVersionDate "2019.10.17"]
[SourceQuality "1"]
[WhiteTeam "Tegernsee TV"]
[BlackTeam "Haunstetten TSV"]
[WhiteTeamCountry "GER"]
[BlackTeamCountry "GER"]

1. e4 e5 2. Nf3 Nc6 3. Bc4 Nf6 4. d4 exd4 5. Nxd4 d6 6. Nc3 Be7 7. 0-0 0-0 8. Nxc6 bxc6 9. f4 d5 10. exd5 Bc5+ 11. Kh1 cxd5 12. Bxd5 Ng4 13. Ne4 Qh4 14. h3 Bb6 15. f5 1-0

[Event "Oberliga Bayern 9798"]
[Site "Bayern"]
[Date "1997.??.??"]
[Round "?.7"]
[White "Engelbrecht, Alfred"]
[Black "Urankar, Hans Peter"]
[Result "1/2-1/2"]
[WhiteElo "2215"]
[BlackElo "2130"]
[PlyCount "133"]
[EventDate "1997.10.??"]
[EventType "team-tourn"]
[EventRounds "9"]
[EventCountry "GER"]
[SourceTitle "EXT 2020"]
[Source "ChessBase"]
[SourceDate "2019.10.17"]
[SourceVersion "1"]
[SourceVersionDate "2019.10.17"]
[SourceQuality "1"]
[WhiteTeam "Tegernsee TV"]
[BlackTeam "Milbertshofen (SG Schwabing)"]
[WhiteTeamCountry "GER"]
[BlackTeamCountry "GER"]

1. c4 g6 2. g3 Bg7 3. Bg2 Nf6 4. Nc3 0-0 5. e4 d6 6. d4 e5 7. d5 c6 8. Nge2 cxd5 9. cxd5 Bd7 10. 0-0 b5 11. h3 Qc8 12. Kh2 b4 13. Nb1 Bb5 14. a4 Qa6 15. Re1 Bd3 16. f3 Rc8 17. Be3 Nbd7 18. Nc1 Bc2 19. Qd2 Qb7 20. Bf1 a6 21. Qf2 Rc7 22. Nd2 Rac8 23. b3 Rc3 24. Bc4 Nc5 25. Bxc5 Rxc5 26. Ne2 Bh6 27. Nxc3 bxc3 28. Rec1 Bxd2 29. Rxc2 Qb4 30. Rd1 a5 31. Rdxd2 cxd2 32. Qxd2 Nd7 33. Qxb4 axb4 34. Ra2 Ra5 35. Kg2 Nc5 36. Kf2 Kf8 37. Ke3 Ke7 38. f4 f6 39. h4 h6 40. Rg2 Ra8 41. Ra2 Nb7 42. Rf2 Na5 43. Kd3 Rc8 44. Rc2 Kf7 45. fxe5 fxe5 46. g4 Ke7 47. Rf2 Nxb3 48. Bxb3 Rc3+ 49. Kd2 Rxb3 50. a5 Rb2+ 51. Ke3 Rxf2 52. Kxf2 b3 53. a6 b2 54. a7 b1Q 55. a8Q Qc2+ 56. Ke3 Qc3+ 57. Ke2 Qc4+ 58. Kd2 Qxe4 59. Qb7+ Kf6 60. g5+ hxg5 61. hxg5+ Kxg5 62. Qe7+ Kf5 63. Qxd6 Qd4+ 64. Ke2 e4 65. Qd7+ Kf4 66. Qf7+ Ke5 67. Qg7+ 1/2-1/2

[Event "Oberliga Bayern 9697"]
[Site "Bayern"]
[Date "1997.??.??"]
[Round "?"]
[White "Schneider, Bernd3333"]
[Black "Engelbrecht, Alfred"]
[Result "0-1"]
[WhiteElo "1873"]
[BlackElo "2195"]
[PlyCount "108"]
[EventDate "1996.10.13"]
[EventType "team-tourn"]
[EventRounds "9"]
[EventCountry "GER"]
[SourceTitle "EXT 2020"]
[Source "ChessBase"]
[SourceDate "2019.10.17"]
[SourceVersion "1"]
[SourceVersionDate "2019.10.17"]
[SourceQuality "1"]
[WhiteTeam "Obernburg"]
[BlackTeam "Tegernsee TV"]
[WhiteTeamCountry "GER"]
[BlackTeamCountry "GER"]

1. d4 g6 2. c4 Bg7 3. Nc3 d6 4. Nf3 Nf6 5. e3 0-0 6. Be2 Nc6 7. 0-0 a6 8. b3 e5 9. dxe5 Nxe5 10. Nxe5 dxe5 11. Ba3 Re8 12. Qc2 Bf5 13. e4 Be6 14. Rad1 Qc8 15. Rd3 b6 16. Rfd1 Qb7 17. Bf3 h5 18. Nd5 c6 19. Nxf6+ Bxf6 20. g3 Rad8 21. Rxd8 Rxd8 22. Rxd8+ Bxd8 23. Qd2 Be7 24. Bxe7 Qxe7 25. Be2 a5 26. Kg2 h4 27. f4 hxg3 28. hxg3 exf4 29. Qxf4 Qc5 30. Bg4 Bxg4 31. Qxg4 a4 32. Qe2 a3 33. Qd2 Qe5 34. Kf3 Kg7 35. Qe3 c5 36. Qf4 Qb2 37. e5 Qc3+ 38. Kg4 Qd3 39. Qf6+ Kg8 40. Qxb6 Qe4+ 41. Kh3 Qh1+ 42. Kg4 Qe4+ 43. Kh3 Qf5+ 44. g4 Qxe5 45. Qd8+ Kg7 46. g5 Qe3+ 47. Kg4 Qe2+ 48. Kh4 Qxa2 49. Qf6+ Kg8 50. Qd8+ Kh7 51. Qf8 Qf2+ 52. Kg4 Qf5+ 53. Kh4 Qf4+ 54. Kh3 Qf3+ 0-1

[Event "Landesliga Sued 9596"]
[Site "Bayern"]
[Date "1996.01.28"]
[Round "5"]
[White "Engelbrecht, Alfred"]
[Black "Kempter, Ronald"]
[Result "0-1"]
[WhiteElo "2200"]
[BlackElo "2250"]
[PlyCount "36"]
[EventDate "1995.10.15"]
[EventType "team-tourn"]
[EventRounds "9"]
[EventCountry "GER"]
[SourceTitle "EXT 2020"]
[Source "ChessBase"]
[SourceDate "2019.10.17"]
[SourceVersion "1"]
[SourceVersionDate "2019.10.17"]
[SourceQuality "1"]
[WhiteTeam "Tegernsee TV"]
[BlackTeam "Krumbach"]
[WhiteTeamCountry "GER"]
[BlackTeamCountry "GER"]

1. c4 Nf6 2. Nc3 c5 3. Nf3 g6 4. g3 Bg7 5. Bg2 0-0 6. d4 d6 7. 0-0 Nc6 8. b3 cxd4 9. Nxd4 Nxd4 10. Qxd4 d5 11. Bb2 Ne4 12. Qe3 Nxc3 13. Rfc1 d4 14. Qf3 Qa5 15. a3 Qf5 16. e4 Qxf3 17. Bxf3 Bd7 18. Bg2 Ne2+ 0-1

[Event "Oberliga Bayern 9697"]
[Site "Bayern"]
[Date "1996.??.??"]
[Round "?"]
[White "Bredl, Harald"]
[Black "Engelbrecht, Alfred"]
[Result "0-1"]
[WhiteElo "2280"]
[BlackElo "2195"]
[PlyCount "108"]
[EventDate "1996.10.13"]
[EventType "team-tourn"]
[EventRounds "9"]
[EventCountry "GER"]
[SourceTitle "EXT 2020"]
[Source "ChessBase"]
[SourceDate "2019.10.17"]
[SourceVersion "1"]
[SourceVersionDate "2019.10.17"]
[SourceQuality "1"]
[WhiteTeam "Milbertshofen (SG Schwabing)"]
[BlackTeam "Tegernsee TV"]
[WhiteTeamCountry "GER"]
[BlackTeamCountry "GER"]

1. d4 Nf6 2. Bg5 g6 3. Bxf6 exf6 4. e3 d5 5. c4 c6 6. Nc3 dxc4 7. Bxc4 Bd6 8. Nge2 0-0 9. 0-0 Nd7 10. Qc2 Qc7 11. h3 Re8 12. Rac1 Qa5 13. Qb3 Re7 14. d5 b5 15. Bd3 Nc5 16. Qc2 b4 17. Ne4 Nxd3 18. Qxd3 Ba6 19. Qc2 Rxe4 20. Qxe4 Bxe2 21. Rfe1 cxd5 22. Qh4 Ba6 23. Qxf6 Qb6 24. Qg5 Bb7 25. Red1 Re8 26. Qg4 Bb8 27. Qd7 Rd8 28. Qg4 Qd6 29. g3 h5 30. Qd4 Qb6 31. Qxb6 axb6 32. e4 Bd6 33. exd5 Bc5 34. Rc2 Rxd5 35. Rxd5 Bxd5 36. b3 Kg7 37. Kf1 Kf6 38. Ke2 Ke5 39. Rd2 f5 40. h4 Bc6 41. Rd8 f4 42. Rg8 f3+ 43. Ke1 Be4 44. Re8+ Kd4 45. Kd2 Kd5 46. Rd8+ Ke5 47. Re8+ Kf5 48. Ke1 Bd3 49. Ra8 Kg4 50. Rd8 Be2 51. Rg8 Kh3 52. Rxg6 Kg2 53. g4 Bxf2+ 54. Kd2 Bg3 0-1

[Event "Landesliga Sued 9495"]
[Site "Bayern"]
[Date "1994.10.09"]
[Round "1.4"]
[White "Engelbrecht, Alfred"]
[Black "Schmaus, Horst"]
[Result "1-0"]
[WhiteElo "2145"]
[BlackElo "1904"]
[PlyCount "73"]
[EventDate "1994.10.09"]
[EventType "team-tourn"]
[EventRounds "9"]
[EventCountry "GER"]
[SourceTitle "EXT 2020"]
[Source "ChessBase"]
[SourceDate "2019.10.17"]
[SourceVersion "1"]
[SourceVersionDate "2019.10.17"]
[SourceQuality "1"]
[WhiteTeam "Tegernsee TV"]
[BlackTeam "Landshut"]
[WhiteTeamCountry "GER"]
[BlackTeamCountry "GER"]

1. c4 e5 2. Nc3 Nc6 3. g3 g6 4. Bg2 Bg7 5. Nf3 Nf6 6. d3 0-0 7. 0-0 d6 8. Rb1 a5 9. a3 h6 10. b4 axb4 11. axb4 Be6 12. Nd2 Qc8 13. Re1 Nh7 14. Nd5 Re8 15. b5 Ne7 16. b6 Bxd5 17. cxd5 c6 18. dxc6 Nxc6 19. Ne4 Rd8 20. Nc3 Ng5 21. Bxg5 hxg5 22. Nd5 Kh7 23. Qc1 g4 24. Nc7 Bh6 25. Qc4 Qd7 26. Nxa8 Rxa8 27. Bxc6 bxc6 28. b7 Rb8 29. Qa6 f5 30. Rb6 f4 31. Qa7 Qd8 32. Ra1 f3 33. exf3 gxf3 34. Qxb8 Qg5 35. Qc7+ Bg7 36. Qxg7+ Kxg7 37. b8Q 1-0